000 01227nam2a22002651 4500
001 v19\rc\1496511
005 20250618160948.0
035 _a(NLR Aleph) 004624724
090 _a3087252
_c3087252
100 _a20060620d1881 |||y0rusy50 ca
101 0 _arus
102 _aRU
105 _ay z |||||
200 0 _aза 1880 год
210 _d1881
_aБ. м.
215 _a[3], VIII, 162 с.
461 0 _1001v19\rc\1496510
_12001#$aМетеорологические наблюдения Тифлисской физической обсерватории..., издаваемые И. Мильбергом, директором Обсерватории$vза 1880 год
_93087243
_aТифлисская физическая обсерватория
_cТифлис
_d1881-1891
_tМетеорологические наблюдения Тифлисской физической обсерватории..., издаваемые И. Мильбергом, директором Обсерватории
_vза 1880 год
801 0 _aRU
_bNLR
_gpsbo
801 0 _aRU
_bRuMoRGB
_2psbo
801 1 _aRU
_bProSoft-M
_2rusmarc
852 _aNLR
_j18.161.4.32(1)
899 _aБАН
899 _aНБ МГУ
942 _cBOOK
980 _aNB